LEADER 01262nlm0 2200337 450 001 000038595 005 20260219170024.0 010 $a978-88-470-0384-2$beBook-PDF 100 $a20260219d2005----km-y0itay50------ba 101 0 $aita 102 $aIT 105 $a--------001cy 106 $as 135 $adoug----uuuuu 200 1 $a<>piante e l'inquinamento dell'aria$brisorsa elettronica$fGiacomo Lorenzini, Cristina Nali$gpresentazione a cura di Amedeo Alpi 205 $a3. ed 210 $aMilano$cSpringer$d2005 215 $a1 testo elettronico (XX, 247 p.) 230 $aTesto elettronico 500 10$a<>piante e l'inquinamento dell'aria$986892 610 1 $aPiante$aDanni da inquinamento$aInquinamento atmosferico 676 $a632.19$v21$9DANNI DELLE PIANTE CAUSATI DALL'INQUINAMENTO 700 1$aLorenzini,$bGiacomo$4070$064256 701 1$aNali,$bCristina$4070$0301987 702 1$aAlpi,$bAmedeo 801 0$aIT$bUNIPARTHENOPE$c2026$gREICAT$2UNIMARC 856 4 $aData ultima consultazione: 19-02-2026$uhttps://doi.org/10.1007/88-470-0384-9$zFull text per gli utenti Uniparthenope 912 $a000038595 951 $aEBOOK$b48199$cNAVA1$d2026 996 $aPiante e l'inquinamento dell'aria$986892 997 $aUNIPARTHENOPE